000 00721nam a2200193 a 4500
003 0
005 20250214110922.0
008 110621s19uu xx 00 eng d
050 _aPHS RA 781.7
_b.T73 2011
100 _aTrinidad, Ernesto Miguel M.
245 _aPhysical fitness activities and stress management /
_cErnesto Miguel M. Trinidad.
260 _aLas PiƱas City, Philippines :
_bSouthville International School and Colleges,
_c2011.
300 _a31 pages :
_billustrations ;
_c28 cm.
504 _aIncludes bibliographical references.
650 _aPhysical fitness
_vPsychological aspects.
650 _aStress management
_vPhysiological aspects.
650 _aExercise
_vHealth aspects.
942 _2lcc
_cPASS
999 _c98555
_d98555